Top 2 most N/S countries by Continent - Statistics

General Stats
  • This quiz has been taken 20 times
  • The average score is 22 of 24
Answer Stats
Answer % Correct
Algeria
100%
Argentina
100%
Australia
100%
Canada
100%
Chile
100%
Colombia
100%
Costa Rica
100%
Panama
100%
Russia
100%
Russia
100%
South Africa
100%
United States
100%
Venezuela
100%
Greece
93%
Lesotho
93%
New Zealand
93%
Norway
93%
Tunisia
93%
Indonesia
86%
Malta
86%
East Timor
79%
Kazakhstan
79%
Marshall Islands
71%
Micronesia
71%
No matching quizzes found
Score Distribution
Percent of People with Each Score
Percentile by Number Answered
Your Score History
You have not taken this quiz